| 000 | 00000nas 2200000za 4500 |
| 001 | 9.855619 |
| 003 | CaOODSP |
| 005 | 20221107155337 |
| 007 | cr ||||||||||| |
| 008 | 180420d19601969oncar p oss f0###b0fre|d |
| 022 | |y0575-979X |
| 040 | |aCaOODSP|bfre |
| 041 | |aeng|afre |
| 043 | |an-cn--- |
| 086 | 1 |aCS47-204-PDF |
| 245 | 00|aSporting goods and toy industry |h[ressource électronique]. |
| 246 | 13|aIndustries des articles de sport et jouets|f1967-1968 |
| 246 | 13|aIndustrie des articles de sport et des jouets|f1969 |
| 260 | |aOttawa : |bDominion Bureau of Statistics, Industry and Merchandising Division, |c1962-1971. |
| 310 | |aAnnuel |
| 362 | 0 |a1960-1969. |
| 500 | |aTitre de départ. |
| 546 | |aTexte en anglais seulement, 1960-1966; texte en anglais et en français, 1967-1969. |
| 550 | |aPubl. 1961-1964 par la Division de l'industrie; 1965-1969 par la Division des industries manufacturières et primaires. |
| 580 | |aFusion de: Sporting goods industry; Bicycle manufacturing industry; et, en partie de miscellaneous industries. |
| 692 | 07|2gccst|aIndustrie de la fabrication |
| 692 | 07|2gccst|aJouet |
| 692 | 07|2gccst|aSport |
| 710 | 1 |aCanada. |bBureau fédéral de la statistique. |bDivision de l'industrie et du commerce. |
| 710 | 1 |aCanada. |bBureau fédéral de la statistique. |bDivision de l'industrie. |
| 710 | 1 |aCanada. |bBureau fédéral de la statistique. |bDivision des industries manufacturières et primaires. |
| 785 | 00|tSporting goods and toy industries |w(CaOODSP)9.855624 |
| 791 | |tSporting goods and toy industry |eeng|w(CaOODSP)9.855618 |